Kuala Lumpur LRT Kelana Jaya Line Stations - Statistics

General Stats
  • This quiz has been taken 26 times
  • The average score is 23 of 37
Answer Stats
Station Code Station Name % Correct
KJ1 Gombak
88%
KJ24 Kelana Jaya
88%
KJ10 KLCC
88%
KJ15 KL Sentral
82%
KJ14 Pasar Seni
82%
KJ21 Asia Jaya
76%
KJ19 Universiti
76%
KJ16 Bangsar
71%
KJ13 Masjid Jamek
71%
KJ29 SS15
71%
KJ30 SS18
71%
KJ28 Subang Jaya
71%
KJ17 Abdullah Hukum
65%
KJ9 Ampang Park
65%
KJ12 Dang Wangi
65%
KJ11 Kampung Baru
65%
KJ37 Putra Heights
65%
KJ23 Taman Bahagia
65%
KJ31 USJ 7
65%
KJ27 Glenmarie
59%
KJ18 Kerinchi
59%
KJ5 Setiawangsa
59%
KJ3 Wangsa Maju
59%
KJ26 Ara Damansara
53%
KJ8 Damai
53%
KJ25 Lembah Subang
53%
KJ20 Taman Jaya
53%
KJ2 Taman Melati
53%
KJ22 Taman Paramount
53%
KJ6 Jelatek
47%
KJ4 Sri Rampai
47%
KJ32 Taipan
47%
KJ7 Dato' Keramat
41%
KJ33 Wawasan
41%
KJ35 Alam Megah
35%
KJ36 Subang Alam
35%
KJ34 USJ 21
35%
No matching quizzes found
Score Distribution
Percent of People with Each Score
Percentile by Number Answered
Your Score History
You have not taken this quiz